| 000 | 00000nam##2200000za#4500 |
| 001 | 9.671688 |
| 003 | CaOODSP |
| 005 | 20210921101640 |
| 007 | co ||||||||||| |
| 008 | 150407|2008||||xxc |q d f### # fre|d |
| 040 | |aCaOODSP|bfre |
| 041 | |aeng |
| 041 | |afre |
| 043 | |an-cn--- |
| 086 | 1 |aIu20-1/2008-MRC |
| 110 | 1 |aCanada. |bBureau de la consommation. |
| 245 | 10|aGuide du consommateur canadien 2008-2009 / |h[ressource électronique]|cProduit par le Comité des mesures en matière de consommation fédéral, provincial et territorial |
| 260 | |bIndustrie Canada. |c[2008]. |
| 300 | |a1 disque. |
| 520 | 3 |aContient des renseignements et des conseils pour aider les consommateurs à prendre des décisions éclairées, à se protéger contre des marchands peu scrupuleux et à mieux connaître leurs droits sur le marché. En outre, vous y trouverez, à des fins de suivi, les coordonnées de personnes-ressources dans chaque sphère de compétences. |
| 590 | |a09-41|b2009-10-09 |
| 691 | 07|aProtection du consommateur|2gcpds |
| 776 | 0#|tGuide du consommateur canadien 2008-2009 |w(CaOODSP)9.635935 |
| 776 | 0#|tCanadian consumer handbook 2008-2009 |w(CaOODSP)9.691609 |
| 791 | |tCanadian consumer handbook 2008-2009 / |eeng|w(CaOODSP)9.671687 |